The mathematical legacy of Wilhelm Mangus : groups, geometry and special functions : Conference on the Legacy of Wilhelm Mangus, May 1-3, 1992, Polytechnic University,Brooklyn, New York
Αποθηκεύτηκε σε:
| Συγγραφή απο Οργανισμό/Αρχή: | |
|---|---|
| Άλλοι συγγραφείς: | , , |
| Μορφή: | Βιβλίο |
| Γλώσσα: | English |
| Δημοσίευση: |
Providence, Rhode island :
American Mathematical Society,
c1994
|
| Σειρά: | Contemporary mathematics (American Mathematical Society) ;
; 169 |
| Θέματα: | |
| Ετικέτες: |
Προσθήκη ετικέτας
Δεν υπάρχουν, Καταχωρήστε ετικέτα πρώτοι!
|
MARC
| LEADER | 00000nam a2200000 i 4500 | ||
|---|---|---|---|
| 001 | 1/90847 | ||
| 008 | 991004s1994 eng d | ||
| 020 | |a 082185156X | ||
| 035 | |l 10053297 | ||
| 040 | |a GR-MY-UA |b gre |e aacr | ||
| 041 | 0 | |a eng | |
| 082 | 0 | |a 512.2 | |
| 110 | 2 | |a Conference on the Legacy of Wilhelm Mangus. | |
| 245 | 1 | 4 | |a The mathematical legacy of Wilhelm Mangus : |b groups, geometry and special functions : Conference on the Legacy of Wilhelm Mangus, May 1-3, 1992, Polytechnic University,Brooklyn, New York / |c William Abikoff, Joan S. Birman, Kathryn Kuiken, editors |
| 246 | 3 | 3 | |a Groups, geometry, and special functions |
| 260 | |a Providence, Rhode island : |b American Mathematical Society, |c c1994 | ||
| 300 | |a x, 499 p.; |b ill.; |c 25 cm. | ||
| 490 | 1 | |a Contemporary mathematics |v ; 169 | |
| 500 | |a Includes bibliographical references | ||
| 650 | 0 | 0 | |a Group theory |x Congresses. |
| 650 | 0 | 0 | |a Functions of complex variables |x Congresses. |
| 650 | 0 | 0 | |a Functions, Special |x Congresses. |
| 700 | 1 | |a Abikoff, William. |4 edt | |
| 700 | 1 | |a Birman, Joan S. |d 1927- |4 edt | |
| 700 | 1 | |a Kuiken, Kathryn. |4 edt | |
| 830 | 0 | |a Contemporary mathematics (American Mathematical Society) ; |v ; 169 | |
| 852 | |a INST |b SAMOS |e 19991004 |h 512.2 CON |p 005300012443 |q 005300012443 |t BK |y 0 | ||
| 901 | |a BIBL3-1999-3 | ||
| 909 | |a Σ |b 063358 | ||
| 922 | |a 3ΕΛΗ |b 199907 |c ΕΠΕΑΕΚ/ΜΑΘ |d ΠΑΠΑΣΩΤΗΡΙΟΥ | ||
| 970 | |a ΓΕΝΟΥΖΟΥ |b ΧΡΥΣΑΝΘΗ |z 1999/10/04 | ||